The Storytelling Leader: (Record no. 204834)

MARC details
000 -LEADER
fixed length control field 00601nam a22001937a 4500
005 - DATE AND TIME OF LATEST TRANSACTION
control field 20240805145249.0
010 ## - LCCN (DPL NO)
LC control number ENG-141196
020 ## - INTERNATIONAL STANDARD BOOK NUMBER
Terms of availability 349.00
International Standard Book Number 9788196918828
035 ## - SYSTEM CONTROL NUMBER
System control number EN-124728
037 ## - SOURCE OF ACQUISITION
Source of stock number/acquisition DBAD
082 ## - DEWEY DECIMAL CLASSIFICATION NUMBER
Classification number S
Edition number 1
100 ## - MAIN ENTRY--PERSONAL NAME
Personal name Khanduja Harjeet
245 00 - TITLE STATEMENT
Title The Storytelling Leader:
Statement of responsibility, etc By Harjeet Khanduja
Remainder of title And Other Stories/
250 ## - EDITION STATEMENT
Edition statement 1
260 ## - PUBLICATION, DISTRIBUTION, ETC. (IMPRINT)
Place of publication, distribution, etc Mumbai
Name of publisher, distributor, etc Kabdwal Book International
270 ## - ADDRESS
Address Plot No. 179, D/42, Raigad CHS, Sector 1, Charkop, Kandivali(W)
City Mumbai
Postal code 400067
Electronic mail address order@kabdwalbook.com
300 ## - PHYSICAL DESCRIPTION
Extent 109p.
Dimensions 22cm(pbk)
942 ## - ADDED ENTRY ELEMENTS (KOHA)
Source of classification or shelving scheme Dewey Decimal Classification
Item type English Books
Call number suffix KHA
Classification part S
Edition 1
Holdings
Withdrawn status Lost status Not for loan Collection code Home library Current library Date acquired Source of acquisition Cost, normal purchase price Full call number Barcode Copy number Cost, replacement price Koha item type
      Non-fiction Patel Nagar Patel Nagar 05/08/2024 Delivery of Books Act Division 349.00 KHA S EN-124728 1 349.00 English Books

© Delhi Public Library
Hit Counter
free hit counter